000 00908nam a2200253Ia 4500
003 OSt
005 20221005112200.0
006 a|||||r|||| 00| 0
007 ta
008 221004b |||||||| |||| 00| 0 pan d
020 _a9780987534231 (hbk)
_c500
024 _a17567
037 _b903, 11/03/2015, H.K. Prakashan
_cTextual
040 _aCRL
_cCRL
_bpan
041 _2pan
_apan
082 _aO153,6M81x, Q3.1
100 _aਸਿੰਘ, ਜਸਵਿੰਦਰ, ਥਦ.
245 0 _aਪ੍ਰੋ ਪੂਰਨ ਸਿੰਘ ਰਤਨਾਵਲੀ
260 _aਅੰਮ੍ਰਿਤਸਰ
_bਨਾਦ ਪ੍ਰਗਾਸੁ ਭਾਰਤ
_c2013
300 _a506ਪੰ
_ccm.
650 _aਪੰਜਾਬੀ ਸਾਹਿਤ
942 _hO153,6M81x, Q3.1
_cTEXL
_2cc
999 _c1024098
_d1024098